| 000 | 01201nam a22001817a 4500 | ||
|---|---|---|---|
| 003 | OSt | ||
| 008 | 150608b xxu||||| |||| 00| 0 eng d | ||
| 100 | 1 | _aMayer, Pierre | |
| 041 | _aeng | ||
| 245 | 1 | 0 | _aCatalogue des timbres de la Liberation et de la France Libre ; Poste navale U.S., Saint-Nazaire / |
| 260 |
_a[Paris] _bP. Mayer, |
||
| 300 | _a0 pages | ||
| 650 | 0 | _aTitle varies. The [1e] ed. 1973 and 2e ed. were published under the title: Catalogue des timbres de la Liberation et de la France Libre | |
| 650 | 0 | _aPoste navale U.S., Saint-Nazaire. The 3e, 4e, and 5e eds. were published under the title: Catalogue des timbres de la Liberation | |
| 650 | 0 | _aLa Guerre 1939-1945, Dunkerque - Coudekerque, Saint-Nazaire, Base navale - U.S., LOrient - L.V.F., les 1,50 et 50 frs Petain. The 6eme ed. was published under the title: Catalogue des timbres de la Liberation | |
| 650 | 0 | _aLa Guerre 1939-1945, Dunkerque - Coudekerque, Saint-Nazaire, Base navale - U.S. | |
| 650 | 0 | _aLes 1f.50 et 50fr. Petain. Collaborators vary. The 6eme ed. was published in conjunction with the "Cinquantenaire de la Liberation 1944-1994"--cover. The 10eme ed. was published under title: 2010 Timbres de la Liberation. | |
| 999 |
_c1524 _d1524 |
||